| 000 | 00482agd a2200181 4500 | ||
|---|---|---|---|
| 005 | 20170612112221.0 | ||
| 008 | 150610b xxu||||| |||| 00| 0 spa d | ||
| 041 | _aEspañol | ||
| 082 | _a250 DVD | ||
| 100 |
_aCastillo, Luis _943022 |
||
| 245 | _aLa Música más linda de Costa Rica | ||
| 260 | _aCosta Rica | ||
| 260 | _aProducciones Musicales | ||
| 300 | _a60 minutos | ||
| 650 |
_aMÚSICA COSTARRICENSE _97555 |
||
| 650 |
_aPAISAJES COSTARRICENSES _943023 |
||
| 942 | _cDVD | ||
| 999 |
_c9539 _d9539 |
||